Man's new image of man ; an interpretation of the development of American philosophy from puritanism to world humanism.

Bibliographic Details
Main Author: Reiser, Oliver Leslie, 1895-1974
Format: Book
Language:English
Published: Pittsburgh : Boxwood Press, [1961]
Subjects:

MARC

Tag First Indicator Second Indicator Subfields
LEADER 00000cam a2200000 4500
001 in00000052986
005 20151007080355.0
008 751002s1961 pau 00010 eng
010 |a  61016278  
035 |a (OCoLC)01671617 
035 |9 AAF4704AM 
040 |a DLC  |c XFM  |d TXA  |d UtOrBLW 
049 |a TXAM  |c [405512] 
050 0 |a B821  |b .R436 
092 |a 144  |b R375m 
100 1 |a Reiser, Oliver Leslie,  |d 1895-1974. 
245 1 0 |a Man's new image of man ;  |b an interpretation of the development of American philosophy from puritanism to world humanism. 
264 1 |a Pittsburgh :  |b Boxwood Press,  |c [1961] 
300 |a 174 pages :  |b illustrations ;  |c 22 cm. 
336 |a text  |b txt  |2 rdacontent 
337 |a unmediated  |b n  |2 rdamedia 
338 |a volume  |b nc  |2 rdacarrier 
650 0 |a Humanism  |x History  |y 20th century. 
650 0 |a Philosophy, American. 
999 |a MARS 
999 f f |s 21340550-b72c-30ef-ae87-1898461cb1a8  |i 122ca90e-7036-33f2-93b1-6a8689122f14  |t 0 
952 f f |p normal  |a Texas A&M University  |b College Station  |c Sterling C. Evans Library  |d Evans: Library Stacks  |t 0  |e B821 .R436  |h Library of Congress classification  |i unmediated -- volume  |m A14800518709 
998 f f |a B821 .R436  |t 0  |l Evans: Library Stacks